| 000 | 00865nam a2200253 a 4500 | ||
|---|---|---|---|
| 001 | EEO.eeo000253 | ||
| 005 | 20260526180719.0 | ||
| 008 | 040414s2004####sp#####g######000#0#spa## | ||
| 020 | _a8448141563 | ||
| 020 | _a9788448141561 | ||
| 040 |
_aM-BN _bspa _cM-BN _dAR-BaCAIC _dAR-MoUNM |
||
| 041 |
_aspa _heng |
||
| 082 | 0 | 4 |
_224.11 _a330 _bMAN 278 |
| 100 | 1 |
_aMankiw, N. Gregory. _97535 |
|
| 245 | 1 | 0 |
_aPrincipios de economía / _cN. Gregory Mankiw ; traducción, Esther Rabasco Espáriz ; revisión técnica, Luis Toharia Cortés. |
| 250 | _a3a ed. | ||
| 260 |
_aMadrid : _bMcGraw-Hill : _bInteramericana de España, _c2004. |
||
| 300 |
_axxix, 535 p. ; _c27 cm. |
||
| 650 | 7 |
_aECONOMIA _2mpirdes _919 |
|
| 650 | 7 |
_aENSEÑANZA DE LA ECONOMIA _2unescot _94619 |
|
| 700 | 1 |
_aRabasco, Esther. _97698 _etr. |
|
| 700 | 1 |
_aToharia, Luis _erev. _97900 |
|
| 942 |
_2ddc _cLIBRO |
||
| 999 |
_c21786 _d21787 |
||